Povídky malostranské /

Klasické dílo české literatury druhé poloviny 19. století, jedna z nejčtenějších a nejpopulárnějších Nerudových knih, je prodchnuté láskou a úctou k prostým lidem.

Hlavní autor: Neruda, Jan, 1834-1891
Jazyk: Čeština
Vydáno: Praha : Dobrovský s.r.o., 2021
Edice: 1400
Témata:
Fyzický popis: 259 stran ; 21 cm
Knihy
Uloženo v:
LEADER 02061cam a2200433 i 4500
001 nkc20213346210
003 CZ PrNK
005 20250423093510.0
007 ta
008 210810s2021 xr g 000 j cze
015 |a cnb003346210 
020 |a 978-80-277-0316-6  |q (vázáno) 
035 |a (OCoLC)1274108984 
040 |a ABG001  |b cze  |d ABA001  |e rda 
043 |a e-xr---  |b e-xr-pg  |2 czenas 
072 7 |a 821.162.3-3  |x Česká próza  |2 Konspekt  |9 25 
080 |a 821.162.3-32  |2 MRF 
080 |a (437.311)  |2 MRF 
080 |a (0:82-32)  |2 MRF 
100 1 |a Neruda, Jan,  |d 1834-1891  |7 jk01083209  |4 aut 
240 1 0 |a Povídky malostranské  |7 aun2007414745 
245 1 0 |a Povídky malostranské /  |c Jan Neruda 
264 1 |a Praha :  |b Dobrovský s.r.o.,  |c 2021 
300 |a 259 stran ;  |c 21 cm 
336 |a text  |b txt  |2 rdacontent 
337 |a bez média  |b n  |2 rdamedia 
338 |a svazek  |b nc  |2 rdacarrier 
490 1 |a 1400 
520 2 |a Klasické dílo české literatury druhé poloviny 19. století, jedna z nejčtenějších a nejpopulárnějších Nerudových knih, je prodchnuté láskou a úctou k prostým lidem.  |b Ze sbírky třinácti povídek z Malé Strany zaznívá nejenom autorův hluboký soucit s chudými, slabými a stále ponižovanými obyvateli nuzných malostranských příbytků, ale i odsouzení nadutých a bezcitných maloměšťáků. Kniha je jedinečná nejen uměleckou bravurou, ale hlavně hlubokým pochopením pro nelehký osud drobných figurek svérázné pražské čtvrti, v níž Neruda dlouhá léta žil a jejíž neopakovatelnou atmosféru vykreslil s mistrovskou přesvědčivostí. 
651 7 |a Malá Strana (Praha, Česko)  |7 ge128513  |2 czenas 
651 9 |a Malá Strana (Prague, Czechia)  |2 eczenas 
655 7 |a české povídky  |7 fd133971  |2 czenas 
655 9 |a Czech short stories  |2 eczenas 
830 0 |a 1400  |0 s 
910 2 |a BOA001  |b 2-1470.438 
990 |a BK 
995 |a 01 
991 |b 202108  |c NOV 
996 6 |b 2610875376  |c 2-1470.438  |l MZK  |r Sklad / do 1 hodiny  |n 1  |p p.v.  |w 001860519  |u 000010  |a 1  |e BOA001  |j MZK50  |s P